Normal view
MARC view
- Kravits, Richard H.
Entry Personal Name
001 - CONTROL NUMBER
- control field: 45397
003 - CONTROL NUMBER IDENTIFIER
- control field: OSt
005 - DATE AND TIME OF LATEST TRANSACTION
- control field: 20220606114816.0
008 - FIXED-LENGTH DATA ELEMENTS
- fixed length control field: 220606|| aca||aabn | a|a d
040 ## - CATALOGING SOURCE
- Original cataloging agency: OSt
- Transcribing agency: OSt
100 ## - HEADING--PERSONAL NAME
- Personal name: Kravits, Richard H.
670 ## - SOURCE DATA FOUND
- Source citation: Work cat.: (OSt): Kravits, Richard H., Evaluating the AICPA's CPA horizon 2025:, ©2012.
